Liste des courses de Mario Kart: Double Dash !! - Statistiques

Statistiques générales
  • Ce quiz a été pris 34 fois
  • Le résultat moyen est 14 sur 16
Statistiques - réponses
Coupes Circuits % Correct
Coupe Champignon Circuit Luigi
96%
Coupe Fleur Circuit Mario
96%
Coupe Champignon Parc Baby
96%
Coupe Spéciale Route Arc-en-Ciel
96%
Coupe Fleur Stade Waluigi
96%
Coupe Champignon Plage Peach
93%
Coupe Étoile Champiville
86%
Coupe Spéciale Château de Bowser
86%
Coupe Champignon Désert Sec Sec
86%
Coupe Étoile Circuit Yoshi
82%
Coupe Étoile Montagne DK
82%
Coupe Fleur Pont Champignon
82%
Coupe Fleur Paquebot Daisy
79%
Coupe Étoile Royaume Sorbet
79%
Coupe Spéciale Arène Wario
68%
Coupe Spéciale Jungle Dino Dino
68%
Aucun quiz correspondant
Distribution des résultats
% des personnes avec chaque résultat
Percentile par nombre de réponses
Votre historique - résultats
Vous n’avez pas pris ce quiz